[Event "Bugojno"]
[Site "Bugojno"]
[Date "1984.??.??"]
[Round "?"]
[White "Smyslov, Vassily"]
[Black "Gligoric, Svetozar"]
[Result "1/2-1/2"]
[WhiteElo "2600"]
[BlackElo "2510"]

1.e4 e5 2.Nf3 Nc6 3.Bb5 a6 4.Ba4 Nf6 5.O-O Be7 6.Re1 b5 7.Bb3 d6 8.c3 O-O
9.h3 Bb7 10.d4 Re8 11.Nbd2 Bf8 12.Bc2 g6 13.d5 Nb8 14.a4 Nbd7 15.c4 c6 16.b3 Qc7
17.Ba3 Rec8 18.Bd3 cxd5 19.cxd5 Qb6 20.b4 Rc3 21.Nb1 Rcc8 22.Bc1 bxa4 23.Qxa4 Qd8
24.Bg5 Be7 25.Bd2 Qf8 26.Qd1 Bd8 27.Na3 Nb6 28.Qe2 Ne8 29.Nc4 Nxc4 30.Bxc4 Nc7
31.Be3 Rcb8 32.Nd2 Bc8 33.Reb1 Bd7 34.f4 exf4 35.Bxf4 Bf6 36.Ra3 Nb5 37.Bxb5 Bxb5
38.Qf2 Re8 39.Rf3 Be5 40.Bxe5 Rxe5 41.Rc1  1/2-1/2

[Event "Bugojno"]
[Site "Bugojno"]
[Date "1984.??.??"]
[Round "?"]
[White "Andersson, Ulf"]
[Black "Kovacevic, Vlatko"]
[Result "1/2-1/2"]
[WhiteElo "2630"]
[BlackElo "2555"]

1.Nf3 d5 2.d4 Bf5 3.c4 e6 4.Nc3 Nc6 5.Bf4 Nf6 6.e3 Be7 7.Rc1 O-O 8.Be2 a6
9.O-O h6 10.a3 dxc4 11.Bxc4 Nh5 12.Bg3 Nxg3 13.hxg3 Qd7 14.Qe2 Rfd8 15.Rfd1 Qe8
16.d5 exd5 17.Bxd5 Bd6 18.Bxc6 Qxc6 19.Nd5 Qb5 20.Qxb5 axb5 21.Nd4 Bg4 22.f3 c6
23.fxg4 cxd5 24.Nxb5 Bxg3 25.Nc3 Be5 26.Rxd5 Rxd5 27.Nxd5 Bxb2 28.Rb1 Bxa3
29.Rxb7 Ra4 30.Rb8+ Kh7 31.Rb7  1/2-1/2

[Event "Bugojno"]
[Site "Bugojno"]
[Date "1984.??.??"]
[Round "?"]
[White "Torre, Eugenio"]
[Black "Larsen, Bent"]
[Result "1/2-1/2"]
[WhiteElo "2565"]
[BlackElo "2565"]

1.d4 Nf6 2.c4 e6 3.Nc3 Bb4 4.e3 O-O 5.Ne2 d5 6.a3 Be7 7.cxd5 exd5 8.g3 c6
9.Bg2 Na6 10.O-O Nc7 11.h3 a6 12.a4 a5 13.b3 Na6 14.g4 Ne8 15.Ng3 Nd6 16.Nce2 Nb4
17.Ba3 f5 18.Bxb4 axb4 19.Nf4 Bh4 20.Bf3 Bxg3 21.fxg3 Qe7 22.Qd2 fxg4 23.hxg4 Ne4
24.Bxe4 Qxe4 25.Nd3 Bxg4 26.Ne5 Bf5 27.Rae1 g5 28.Rf3 Bh3 29.Qf2 Rae8 30.Nf7 Bg4
31.Rf6 Kg7 32.Rf1 Re6 33.Rxe6 Qxe6 34.Nxg5 Qe7 35.Qxf8+ Qxf8 36.Rxf8 Kxf8
37.Kf2 h6 38.Nf3 Ke7 39.a5 Kd6 40.Ne5 Bf5 41.Ke2 h5 42.Nd3 Bxd3+ 43.Kxd3 Ke7
44.e4 dxe4+ 45.Kxe4 Ke6 46.Kf4 Kd5 47.Ke3 Ke6 48.Kf4  1/2-1/2

[Event "Bugojno"]
[Site "Bugojno"]
[Date "1984.??.??"]
[Round "?"]
[White "Torre, Eugenio"]
[Black "Andersson, Ulf"]
[Result "1/2-1/2"]
[WhiteElo "2565"]
[BlackElo "2630"]

1.d4 Nf6 2.c4 e6 3.Nc3 Bb4 4.e3 c5 5.Ne2 d5 6.a3 Bxc3+ 7.Nxc3 cxd4 8.exd4 dxc4
9.Bxc4 Nc6 10.d5 exd5 11.Nxd5 Be6 12.Nxf6+ Qxf6 13.Bxe6  1/2-1/2

[Event "Bugojno"]
[Site "Bugojno"]
[Date "1984.??.??"]
[Round "?"]
[White "Timman, Jan H"]
[Black "Torre, Eugenio"]
[Result "1-0"]
[WhiteElo "2610"]
[BlackElo "2565"]

1.e4 e5 2.Nf3 Nc6 3.Bb5 a6 4.Ba4 Nf6 5.O-O Be7 6.Re1 b5 7.Bb3 d6 8.c3 O-O
9.h3 Bb7 10.d4 Re8 11.Nbd2 Bf8 12.Bc2 Nb8 13.b4 Nbd7 14.a4 Nb6 15.a5 Nbd7
16.Bb2 g6 17.Rb1 Bg7 18.c4 c6 19.cxb5 cxb5 20.d5 Rf8 21.Nf1 Nh5 22.Bc1 Ndf6
23.Be3 Ne8 24.Ng3 Nxg3 25.fxg3 Rc8 26.g4 Nf6 27.Bd3 Qd7 28.Qd2 Kh8 29.Rf1 Rce8
30.Nh2 Rc8 31.Rf2 Rc4 32.Bxc4 Nxe4 33.Qc2 Nxf2 34.Bb3 Nxh3+ 35.gxh3 f5 36.Rf1 e4
37.Qd2 Be5 38.Kh1 Re8 39.Qf2 Bc8 40.Bf4 Qg7 41.gxf5 Bxf5 42.Be3 Bxh3 43.Rg1 Bd7
44.Bd1 Qf6 45.Qxf6+ Bxf6 46.Bg4 Bf5 47.Rf1 Kg7 48.Bxf5 gxf5 49.Rxf5 Bc3 50.Ng4 Rc8
51.Kg2 Rc4 52.Bf4 Bxb4 53.Bh6+ Kg6 54.Rf6+ Kh5 55.Ne3 Bc3 56.Rxd6 Rc8 57.Rxa6 Rg8+
58.Kh3 Be5 59.Nf5  1-0

[Event "Bugojno"]
[Site "Bugojno"]
[Date "1984.??.??"]
[Round "?"]
[White "Timman, Jan H"]
[Black "Tal, Mihail"]
[Result "1/2-1/2"]
[WhiteElo "2610"]
[BlackElo "2620"]

1.d4 Nf6 2.c4 e6 3.Nf3 Bb4+ 4.Bd2 c5 5.Bxb4 cxb4 6.a3 bxa3 7.Nxa3 d6 8.g3 b6
9.Bg2 Bb7 10.O-O O-O 11.d5  1/2-1/2

[Event "Bugojno"]
[Site "Bugojno"]
[Date "1984.??.??"]
[Round "?"]
[White "Timman, Jan H"]
[Black "Spassky, Boris V"]
[Result "1/2-1/2"]
[WhiteElo "2610"]
[BlackElo "2615"]

1.c4 b6 2.d4 Bb7 3.Nf3 e6 4.g3 Nf6 5.Bg2 Be7 6.O-O d5 7.Ne5 O-O 8.Nc3 Na6
9.b3 c5 10.Bb2 Nc7 11.Rc1 Rc8 12.dxc5 Bxc5 13.Nd3 Bd6 14.cxd5 Ncxd5 15.Nxd5 Nxd5
16.Rxc8 Qxc8 17.e4 Ne7 18.Qa1 f6 19.Rc1 Qa8 20.f3 e5 21.Bh3  1/2-1/2

[Event "Bugojno"]
[Site "Bugojno"]
[Date "1984.??.??"]
[Round "?"]
[White "Timman, Jan H"]
[Black "Miles, Anthony J"]
[Result "1/2-1/2"]
[WhiteElo "2610"]
[BlackElo "2610"]

1.c4 e5 2.Nc3 Nf6 3.Nf3 Nc6 4.e3 Be7 5.d4 exd4 6.Nxd4 O-O 7.Nde2 Re8 8.Nf4 Ne5
9.Be2 c6 10.O-O a6 11.b3 b5 12.Bb2 d6 13.Qc2 Ng6  1/2-1/2

[Event "Bugojno"]
[Site "Bugojno"]
[Date "1984.??.??"]
[Round "?"]
[White "Timman, Jan H"]
[Black "Ivanovic, Bozidar"]
[Result "1-0"]
[WhiteElo "2610"]
[BlackElo "2525"]

1.e4 c5 2.Nf3 Nc6 3.d4 cxd4 4.Nxd4 Nf6 5.Nc3 d6 6.Bg5 e6 7.Qd2 Bd7 8.O-O-O a6
9.f4 Be7 10.Nf3 b5 11.Bxf6 gxf6 12.Bd3 Qb6 13.Rhe1 O-O-O 14.Kb1 Kb8 15.Nd5 exd5
16.exd5 Ne5 17.fxe5 fxe5 18.Qh6 Qc5 19.Qh5 Rdf8 20.Bf5 Bxf5 21.Qxf5 Bd8 22.Rf1 Rhg8
23.g3 Rg6 24.h3 Qc4 25.Rd3 Qc8 26.Nd2 Qxf5 27.Rxf5 Rg5 28.Rdf3 Rxf5 29.Rxf5 Kc7
30.Ne4 Be7 31.g4 h6 32.c3 Kd7 33.a3 Bg5 34.Nxg5 hxg5 35.Rxg5 Rc8 36.Kc2 Ke7
37.h4 Kf6 38.Rf5+ Kg7 39.g5 Rc5 40.b4 Rxd5 41.h5 a5 42.h6+ Kg8 43.bxa5 Rc5
44.Rf6 Rc6 45.Kb3 e4 46.g6 fxg6 47.Rxg6+ Kh7 48.Re6  1-0

[Event "Bugojno"]
[Site "Bugojno"]
[Date "1984.??.??"]
[Round "?"]
[White "Timman, Jan H"]
[Black "Gligoric, Svetozar"]
[Result "1/2-1/2"]
[WhiteElo "2610"]
[BlackElo "2510"]

1.e4 e5 2.Nf3 Nc6 3.d4 exd4 4.Nxd4 Bc5 5.Nf5 g6 6.Ne3 Nf6 7.Nc3 O-O 8.Bd3 Re8
9.O-O Ne5 10.Kh1 d6 11.Be2 Nc6 12.f3 a6 13.Bd2 Nd4 14.Bd3 c6 15.f4 Nb5  1/2-1/2

[Event "Bugojno"]
[Site "Bugojno"]
[Date "1984.??.??"]
[Round "?"]
[White "Tal, Mihail"]
[Black "Smyslov, Vassily"]
[Result "1/2-1/2"]
[WhiteElo "2620"]
[BlackElo "2600"]

1.e4 e5 2.Nf3 Nf6 3.Nxe5 d6 4.Nf3 Nxe4 5.d4 d5 6.Bd3 Be7 7.O-O Nc6 8.Re1 Bg4
9.c3 f5 10.Qb3 Qd6 11.Nfd2 Nxd2 12.Nxd2 O-O 13.h3  1/2-1/2

[Event "Bugojno"]
[Site "Bugojno"]
[Date "1984.??.??"]
[Round "?"]
[White "Tal, Mihail"]
[Black "Miles, Anthony J"]
[Result "0-1"]
[WhiteElo "2620"]
[BlackElo "2610"]

1.e4 c6 2.d4 d5 3.Nd2 dxe4 4.Nxe4 Bf5 5.Ng3 Bg6 6.h4 h6 7.Nf3 Nd7 8.h5 Bh7
9.Bd3 Bxd3 10.Qxd3 Qc7 11.Bd2 e6 12.O-O-O Ngf6 13.Ne4 O-O-O 14.g3 Nc5 15.Nxc5 Bxc5
16.c4 Bb6 17.Bc3 Rhe8 18.Kb1 a6 19.Qc2 Re7 20.Ne5 Ba5 21.b4 Bb6 22.a4 Qb8
23.f4 Qa7 24.Rd2 Kb8 25.a5 Bc7 26.g4 Ka8 27.g5 Ne8 28.c5 Qb8 29.g6 f6 30.Nc4 Bxf4
31.Re2 Nc7 32.Bb2 Nb5 33.Rhe1 Nxd4 34.Bxd4 Rxd4 35.Rxe6 Rxe6 36.Rxe6 Qd8
37.Re1 Ka7 38.Ka2 Bd2 39.Rb1 Qd5 40.Kb3 Rd3+  0-1

[Event "Bugojno"]
[Site "Bugojno"]
[Date "1984.??.??"]
[Round "?"]
[White "Tal, Mihail"]
[Black "Gligoric, Svetozar"]
[Result "1/2-1/2"]
[WhiteElo "2620"]
[BlackElo "2510"]

1.e4 e5 2.Nf3 Nc6 3.Bb5 a6 4.Ba4 Nf6 5.O-O Be7 6.Re1 b5 7.Bb3 d6 8.c3 O-O
9.h3 Bb7 10.d4 Re8 11.a4 h6 12.Nbd2 Bf8 13.Bc2 Rb8 14.axb5 axb5 15.Bd3 Bc8
16.Nb3 Bd7 17.Qd2 Qc8 18.Qc2 Nd8 19.Bf1 c5 20.d5 c4 21.Na5 Nb7 22.Nxb7 Qxb7
23.Be3 Ra8 24.Nd2 Rxa1  1/2-1/2

[Event "Bugojno"]
[Site "Bugojno"]
[Date "1984.??.??"]
[Round "?"]
[White "Spassky, Boris V"]
[Black "Smyslov, Vassily"]
[Result "1/2-1/2"]
[WhiteElo "2615"]
[BlackElo "2600"]

1.e4 e5 2.Nf3 Nc6 3.Bb5 a6 4.Ba4 Nf6 5.O-O Be7 6.Re1 b5 7.Bb3 d6 8.c3 O-O
9.h3 Nd7 10.d4 Bf6 11.a4 Rb8 12.axb5 axb5 13.Be3 Ne7 14.Nbd2 c5 15.Nf1 cxd4
16.cxd4 exd4 17.Bxd4 Nc6  1/2-1/2

[Event "Bugojno"]
[Site "Bugojno"]
[Date "1984.??.??"]
[Round "?"]
[White "Spassky, Boris V"]
[Black "Miles, Anthony J"]
[Result "0-1"]
[WhiteElo "2615"]
[BlackElo "2610"]

1.d4 Nf6 2.Nf3 e6 3.c4 b6 4.e3 Bb7 5.Bd3 d5 6.b3 Nbd7 7.O-O Bd6 8.Bb2 O-O
9.Nc3 a6 10.Qe2 Ne4 11.Rac1 f5 12.Bb1 Rf6 13.Nxe4 dxe4 14.Ne5 Rh6 15.g3 Bxe5
16.dxe5 Qg5 17.b4 Nf8 18.Kh1 Bc6 19.Rg1 Rd8 20.Rg2 Be8 21.g4 Qh4 22.Rcg1 Rd7
23.b5 axb5 24.cxb5 Bg6 25.Rd1 Rf7 26.Rd4 Qh3 27.Rd8 Rh4 28.Ba3 Rxg4 29.Rxg4 fxg4
30.Kg1 Qh5 31.Qb2 Qf5 32.Rc8 h5 33.Bxf8 Rxf8 34.Rxc7 h4 35.Rc4 Qf3  0-1

[Event "Bugojno"]
[Site "Bugojno"]
[Date "1984.??.??"]
[Round "?"]
[White "Spassky, Boris V"]
[Black "Ljubojevic, Ljubomir"]
[Result "1/2-1/2"]
[WhiteElo "2615"]
[BlackElo "2635"]

1.e4 c5 2.Nc3 e6 3.Nf3 Nc6 4.d4 cxd4 5.Nxd4 Nf6 6.Ndb5 d6 7.Bf4 e5 8.Bg5 a6
9.Na3 b5 10.Nd5 Be7 11.Bxf6 Bxf6 12.c3 Bg5 13.Nc2 Rb8 14.Be2 O-O 15.O-O g6  1/2-1/2

[Event "Bugojno"]
[Site "Bugojno"]
[Date "1984.??.??"]
[Round "?"]
[White "Spassky, Boris V"]
[Black "Beliavsky, Alexander G"]
[Result "1/2-1/2"]
[WhiteElo "2615"]
[BlackElo "2565"]

1.e4 e5 2.Nf3 Nc6 3.Nc3 Nf6 4.Bb5 Nd4 5.Nxd4 exd4 6.e5 dxc3 7.exf6 Qxf6 8.dxc3 Bc5
9.Qe2+ Qe6 10.Bc4 Qxe2+ 11.Kxe2 O-O 12.Re1 Re8+ 13.Kf1 Rxe1+ 14.Kxe1 d6 15.Bd2 Be6
16.Bd3 d5 17.Bf4 c6 18.Kf1 h6 19.a4 Kf8 20.a5 Be7 21.b4 c5 22.bxc5 Bxc5 23.Be5 b6
24.Bd4 Rc8 25.Ke2  1/2-1/2

[Event "Bugojno"]
[Site "Bugojno"]
[Date "1984.??.??"]
[Round "?"]
[White "Smyslov, Vassily"]
[Black "Miles, Anthony J"]
[Result "1/2-1/2"]
[WhiteElo "2600"]
[BlackElo "2610"]

1.c4 e5 2.Nc3 Nf6 3.Nf3 Nc6 4.e3 Be7 5.a3 d5 6.cxd5 Nxd5 7.Qc2 O-O 8.Bb5 Nxc3
9.bxc3 Qd5 10.c4 Qe6  1/2-1/2

[Event "Bugojno"]
[Site "Bugojno"]
[Date "1984.??.??"]
[Round "?"]
[White "Andersson, Ulf"]
[Black "Ribli, Zoltan"]
[Result "1/2-1/2"]
[WhiteElo "2630"]
[BlackElo "2610"]

1.d4 Nf6 2.c4 g6 3.Nf3 Bg7 4.g3 O-O 5.Bg2 d6 6.O-O Nc6 7.Nc3 a6 8.d5 Na5
9.b3 Rb8 10.Bd2 c5 11.dxc6 bxc6 12.Qc1 Re8 13.Qa3 c5 14.Ne1 Qc7 15.Nd5 Nxd5
16.Bxa5 Qa7 17.Rc1 Nb4 18.Nc2 Nxc2 19.Rxc2 Bb7 20.Qc1 Bd4 21.Rd1 Qa8 22.Bxb7 Qxb7
23.e3 Bf6 24.Qd2 Qf3  1/2-1/2

[Event "Bugojno"]
[Site "Bugojno"]
[Date "1984.??.??"]
[Round "?"]
[White "Beliavsky, Alexander G"]
[Black "Kovacevic, Vlatko"]
[Result "1/2-1/2"]
[WhiteElo "2565"]
[BlackElo "2555"]

1.e4 e6 2.d4 d5 3.Nd2 Nc6 4.Ngf3 Nf6 5.e5 Nd7 6.Be2 f6 7.exf6 Nxf6 8.O-O Bd6
9.c4 O-O 10.b3 Bd7 11.Bb2 Ng4 12.h3 Nh6 13.Ne5 Nf5 14.Ndf3 Qe7 15.Nxc6 Bxc6
16.c5 Bf4 17.g3 Bg5 18.Bc1 Bf6 19.Bf4 Rae8 20.Be5 Nh6 21.Bd3 Nf7 22.Re1 Bxe5
23.Nxe5 Nxe5 24.Rxe5 Rf6 25.Qc2 h6 26.Rae1 g5 27.Qe2 Qf7 28.h4 gxh4 29.Qg4+ Qg7
30.Qxh4 Bd7 31.f4 Ref8 32.Kh2 c6 33.b4 b5 34.a4 bxa4 35.Ra1 Be8 36.Rxa4 Bg6
37.Bf1 Bf5 38.Be2 Qc7 39.Ba6 Qb8 40.Qh5 Bc2 41.Ra2 Bg6 42.Qg4 Qxb4 43.Bd3 Qb3
44.Rd2 Kh7 45.Qe2 Qc3 46.Bxg6+ Rxg6 47.Qd3 Qxd3 48.Rxd3 Rg7 49.Ra3 Kg6 50.Ra6 Rc7
51.Kg2 Kf7 52.Kf3 Kg6 53.g4 Rf6 54.Re3  1/2-1/2

[Event "Bugojno"]
[Site "Bugojno"]
[Date "1984.??.??"]
[Round "?"]
[White "Beliavsky, Alexander G"]
[Black "Timman, Jan H"]
[Result "1/2-1/2"]
[WhiteElo "2565"]
[BlackElo "2610"]

1.e4 e5 2.Nf3 Nf6 3.Nxe5 d6 4.Nf3 Nxe4 5.d4 d5 6.Bd3 Be7 7.O-O Nc6 8.Re1 Bg4
9.c4 Nf6 10.cxd5 Bxf3 11.Qxf3 Qxd5 12.Qxd5 Nxd5 13.Nc3 Ndb4 14.Be4 Nxd4 15.Be3 c5
16.Bxb7 Rd8 17.Rad1 Nbc2 18.Rf1 Rb8 19.Be4 Rxb2 20.Bc1 Rb8 21.Bf4 Rd8 22.Rd2 Nb4
23.Re1 O-O 24.Bxh7+ Kxh7 25.Rxe7 Ne6 26.g3 Nxf4 27.Rxd8 Rxd8 28.gxf4 f5 29.Rxa7 Nd3
30.Ra4 Rb8 31.Rc4 Rb2 32.Na4 Rb4 33.Rxb4 cxb4 34.Kf1 Nc1 35.Ke1 Nxa2 36.Kd2 Kg6
37.Kc2 Kh5 38.f3 Kh4 39.Kb3 Nc1+ 40.Kxb4 Nd3+ 41.Kc4 Ne1 42.Nc5 Nxf3 43.Ne6 g6
44.Nf8  1/2-1/2

[Event "Bugojno"]
[Site "Bugojno"]
[Date "1984.??.??"]
[Round "?"]
[White "Gligoric, Svetozar"]
[Black "Andersson, Ulf"]
[Result "1/2-1/2"]
[WhiteElo "2510"]
[BlackElo "2630"]

1.d4 Nf6 2.c4 e6 3.Nf3 Bb4+ 4.Bd2 Bxd2+ 5.Qxd2 O-O 6.Nc3 d5 7.e3 Qe7 8.Rc1 Nbd7
9.Qc2 dxc4 10.Bxc4 c5 11.O-O b6 12.dxc5  1/2-1/2

[Event "Bugojno"]
[Site "Bugojno"]
[Date "1984.??.??"]
[Round "?"]
[White "Gligoric, Svetozar"]
[Black "Beliavsky, Alexander G"]
[Result "1/2-1/2"]
[WhiteElo "2510"]
[BlackElo "2565"]

1.d4 Nf6 2.c4 e6 3.Nf3 b6 4.g3 Bb7 5.Bg2 Be7 6.O-O O-O 7.Nc3 Ne4 8.Qc2 Nxc3
9.Qxc3 c5 10.Rd1 d6 11.b3 Bf6 12.Bb2 Nd7 13.Qd2 Qe7 14.dxc5  1/2-1/2

[Event "Bugojno"]
[Site "Bugojno"]
[Date "1984.??.??"]
[Round "?"]
[White "Gligoric, Svetozar"]
[Black "Ivanovic, Bozidar"]
[Result "1/2-1/2"]
[WhiteElo "2510"]
[BlackElo "2525"]

1.d4 d5 2.Nf3 c5 3.c4 e6 4.e3 Nf6 5.Nc3 Nc6 6.a3 a6 7.dxc5 Bxc5 8.b4 Bb6
9.Bb2 dxc4 10.Qxd8+ Bxd8 11.Bxc4 O-O 12.O-O b5 13.Bd3  1/2-1/2

[Event "Bugojno"]
[Site "Bugojno"]
[Date "1984.??.??"]
[Round "?"]
[White "Gligoric, Svetozar"]
[Black "Ljubojevic, Ljubomir"]
[Result "1/2-1/2"]
[WhiteElo "2510"]
[BlackElo "2635"]

1.d4 Nf6 2.c4 e6 3.Nc3 Bb4 4.e3 c5 5.Ne2 cxd4 6.exd4 O-O 7.a3 Be7 8.d5 exd5
9.cxd5 Re8 10.d6 Bf8 11.g3 b6 12.Bg2 Nc6 13.O-O Ba6 14.Re1 Rc8 15.Bf4 Ne5  1/2-1/2

[Event "Bugojno"]
[Site "Bugojno"]
[Date "1984.??.??"]
[Round "?"]
[White "Gligoric, Svetozar"]
[Black "Spassky, Boris V"]
[Result "1/2-1/2"]
[WhiteElo "2510"]
[BlackElo "2615"]

1.d4 Nf6 2.Nf3 e6 3.c4 b6 4.g3 Ba6 5.b3 Bb4+ 6.Bd2 Be7 7.Nc3 d5 8.cxd5 exd5
9.Bg2 O-O 10.O-O Bb7 11.Rc1 Re8 12.Ne5 Na6 13.Bg5 c5 14.e3 Ne4 15.Bxe7 Qxe7
16.Nd3 cxd4 17.exd4 Nc7 18.Re1 Qd6 19.Nf4  1/2-1/2

[Event "Bugojno"]
[Site "Bugojno"]
[Date "1984.??.??"]
[Round "?"]
[White "Ivanovic, Bozidar"]
[Black "Beliavsky, Alexander G"]
[Result "1/2-1/2"]
[WhiteElo "2525"]
[BlackElo "2565"]

1.e4 e5 2.Nc3 Nf6 3.Bc4 Bc5 4.Nf3 d6 5.d3 c6 6.Bb3 O-O 7.O-O Nbd7 8.Ne2 Bb6
9.c3 Nc5 10.Bc2 Bg4 11.Kh1 Bxf3 12.gxf3 d5 13.Rg1 Ne6 14.Qf1 Re8 15.Qg2 g6
16.Qg3 Nh5 17.Qh3 Bxf2 18.Rg4 Kh8 19.f4 dxe4 20.dxe4 exf4 21.Nxf4 Nexf4 22.Bxf4 Bb6
23.Rd1 Qf6 24.Rf1 Qe7 25.Rh4 f6 26.Bc1 Qe6 27.Qg2 Rad8 28.Bh6 Re7 29.Bd1 Qe5
30.Bxh5 gxh5 31.Rhf4 Rg8 32.Rxf6 Qxe4 33.Qxe4 Rxe4 34.Rf8 Bc5 35.R8f5 Be3
36.Re1 Rge8 37.Rf8+ Rxf8 38.Bxf8 Re5 39.Bd6 Rd5 40.Rxe3 Rxd6 41.Re8+ Kg7
42.Re7+ Kg6 43.Rxb7 Rd2  1/2-1/2

[Event "Bugojno"]
[Site "Bugojno"]
[Date "1984.??.??"]
[Round "?"]
[White "Ivanovic, Bozidar"]
[Black "Ljubojevic, Ljubomir"]
[Result "1/2-1/2"]
[WhiteElo "2525"]
[BlackElo "2635"]

1.e4 c5 2.Nc3 e6 3.Nf3 Nc6 4.d4 cxd4 5.Nxd4 a6 6.Be2 Nf6 7.O-O Qc7 8.Kh1 Be7
9.f4 d6 10.Be3 O-O 11.Qe1 Bd7 12.Rd1 b5 13.a3 Nxd4 14.Bxd4 Bc6 15.Bf3 e5
16.fxe5 dxe5 17.Qg3 Bd6 18.Bb6 Qe7 19.Be3 Ne8 20.Bg4 Nc7 21.Bh6 Ne8  1/2-1/2

[Event "Bugojno"]
[Site "Bugojno"]
[Date "1984.??.??"]
[Round "?"]
[White "Ivanovic, Bozidar"]
[Black "Spassky, Boris V"]
[Result "1/2-1/2"]
[WhiteElo "2525"]
[BlackElo "2615"]

1.e4 e5 2.Nf3 Nc6 3.Bc4 Nf6 4.d3 Bc5 5.Nc3 a6 6.Bg5 h6 7.Bxf6 Qxf6 8.Nd5 Qd8
9.c3 d6 10.d4 Ba7 11.dxe5 Nxe5 12.Nxe5 dxe5 13.Qh5 O-O 14.Qxe5 Re8 15.Qf4 Qd6
16.Qxd6 Rxe4+ 17.Kd2 cxd6 18.Bb3 Bd7 19.f3 Re5 20.f4 Re4 21.Rhe1 Rae8 22.Rxe4 Rxe4
23.Re1 Rxe1 24.Kxe1 Kf8 25.Kd2 Bg1 26.h3 h5 27.Bc2 Bc6 28.Be4 f5 29.Bf3 h4
30.Nc7 a5 31.Bxc6 bxc6 32.Ne6+ Ke7 33.Nxg7 Kf6 34.Ne8+ Ke7 35.Ng7 Kf6 36.Ne8+ Ke7  1/2-1/2

[Event "Bugojno"]
[Site "Bugojno"]
[Date "1984.??.??"]
[Round "?"]
[White "Kovacevic, Vlatko"]
[Black "Larsen, Bent"]
[Result "1-0"]
[WhiteElo "2555"]
[BlackElo "2565"]

1.d4 Nf6 2.Nf3 g6 3.Bg5 Bg7 4.e3 c5 5.Nbd2 b6 6.c3 Bb7 7.Qa4 O-O 8.Be2 d6
9.O-O Nbd7 10.b4 Qc7 11.bxc5 bxc5 12.Rab1 Rfc8 13.Qa3 Nb6 14.Bd3 e6 15.Rfe1 h6
16.Bh4 Nh5 17.Nf1 cxd4 18.cxd4 Bxf3 19.gxf3 Qc3 20.Qa6 Bf6 21.Bxf6 Nxf6 22.Kg2 Ne8
23.Be2 d5 24.Red1 Nd6 25.Nd2 Nf5 26.Nb3 Qc7 27.Nd2 Qe7 28.Bd3 Nh4+ 29.Kf1 Rc6
30.Rdc1 Rac8 31.Rxc6 Rxc6 32.Ke2 Kg7 33.f4 Qc7 34.Qa5 Rc3 35.Rb5 Nd7 36.Qb4 Nf5
37.Bxf5 gxf5 38.Rb7 Qc6 39.Rxd7  1-0

[Event "Bugojno"]
[Site "Bugojno"]
[Date "1984.??.??"]
[Round "?"]
[White "Kovacevic, Vlatko"]
[Black "Miles, Anthony J"]
[Result "1/2-1/2"]
[WhiteElo "2555"]
[BlackElo "2610"]

1.d4 Nf6 2.Nf3 b6 3.e3 Bb7 4.Nbd2 e6 5.Bd3 c5 6.O-O Nc6 7.c3 d5 8.Re1 Be7
9.dxc5 Bxc5 10.b4 Bd6 11.Bb2 O-O 12.a3 a5 13.Qb3 Rc8 14.Rad1 Ng4 15.Be2 Qc7
16.h3 Nge5 17.Rc1 Nxf3+ 18.Nxf3 Qe7 19.Red1 Rfd8 20.Rd2 h6 21.Rcd1 Rd7 22.Ba1 Rdc7
23.c4 axb4  1/2-1/2

[Event "Bugojno"]
[Site "Bugojno"]
[Date "1984.??.??"]
[Round "?"]
[White "Kovacevic, Vlatko"]
[Black "Ribli, Zoltan"]
[Result "0-1"]
[WhiteElo "2555"]
[BlackElo "2610"]

1.d4 Nf6 2.Nf3 d5 3.Bf4 c5 4.e3 Nc6 5.c3 Qb6 6.Qb3 c4 7.Qxb6 axb6 8.a3 b5
9.Ne5 e6 10.b4 Nh5 11.Nxc6 Nxf4 12.exf4 bxc6 13.Nd2 f6 14.Nf3 Bd6 15.g3 O-O
16.Be2 Rf7 17.Kd2 Rfa7 18.Kc2 Rxa3 19.Rxa3 Rxa3 20.Kb2 Ra7 21.Ra1 Rxa1 22.Kxa1 Bd7
23.Kb2 Be8 24.Kc2 Bg6+ 25.Kd2 Be4 26.Ke3 Bxf3 27.Bxf3 Kf7 28.Bg4 Ke7 29.h4 h6
30.h5 e5 31.fxe5 fxe5 32.f4 exd4+ 33.Kxd4 Kd8 34.Be6 Kc7 35.Bf7 Be7 36.Be8 Kb6  0-1

[Event "Bugojno"]
[Site "Bugojno"]
[Date "1984.??.??"]
[Round "?"]
[White "Kovacevic, Vlatko"]
[Black "Spassky, Boris V"]
[Result "1/2-1/2"]
[WhiteElo "2555"]
[BlackElo "2615"]

1.d4 Nf6 2.Nf3 b6 3.e3 Bb7 4.Nbd2 e6 5.Bd3 c5 6.O-O Nc6 7.c3 d5 8.Re1 Be7
9.dxc5 bxc5 10.e4 O-O 11.exd5 exd5 12.Nf1 Re8 13.Ng3 g6 14.Bg5 Qd6 15.Qa4 Bf8
16.Qh4 Bg7 17.Bb5  1/2-1/2

[Event "Bugojno"]
[Site "Bugojno"]
[Date "1984.??.??"]
[Round "?"]
[White "Smyslov, Vassily"]
[Black "Andersson, Ulf"]
[Result "1/2-1/2"]
[WhiteElo "2600"]
[BlackElo "2630"]

1.d4 Nf6 2.Nf3 e6 3.c4 Bb4+ 4.Bd2 Bxd2+ 5.Qxd2 d5 6.e3 Nbd7 7.Nc3 O-O 8.Bd3 Qe7
9.O-O dxc4 10.Bxc4 c5 11.Rad1 Nb6 12.Bb3 Bd7 13.e4 cxd4 14.Qxd4 Rfd8 15.e5 Nfd5
16.Nxd5  1/2-1/2

[Event "Bugojno"]
[Site "Bugojno"]
[Date "1984.??.??"]
[Round "?"]
[White "Ribli, Zoltan"]
[Black "Larsen, Bent"]
[Result "1/2-1/2"]
[WhiteElo "2610"]
[BlackElo "2565"]

1.d4 Nf6 2.c4 e6 3.Nf3 b6 4.g3 Bb4+ 5.Bd2 Be7 6.Bg2 Bb7 7.Nc3 O-O 8.O-O a5
9.Re1 d5 10.cxd5 exd5 11.Ne5 Na6 12.Rc1 Re8 13.Bg5 h6 14.Bxf6 Bxf6 15.f4 c5
16.e3 Rb8 17.Qh5 Re7 18.Ng4 Rd7 19.Rcd1 Nc7 20.dxc5 bxc5 21.Nxf6+ Qxf6 22.e4 c4
23.exd5 Qb6+ 24.Kh1 Qxb2 25.Qf3 Nb5 26.Na4 Qb4 27.Nb6 Nd4 28.Qf2 Qxb6 29.Qxd4 Qc7
30.Rc1 Ba6 31.h3 Rdd8 32.Re3 Qb6 33.Qxb6 Rxb6 34.Rc2 Kf8 35.Kg1 Rdb8 36.Bf1 Rb2
37.Rec3 Rxc2 38.Rxc2 Rc8 39.Kf2 Rc5  1/2-1/2

[Event "Bugojno"]
[Site "Bugojno"]
[Date "1984.??.??"]
[Round "?"]
[White "Ribli, Zoltan"]
[Black "Gligoric, Svetozar"]
[Result "1/2-1/2"]
[WhiteElo "2610"]
[BlackElo "2510"]

1.c4 c5 2.Nf3 Nc6 3.Nc3 Nf6 4.d4 cxd4 5.Nxd4 e6 6.g3 Qb6 7.Nb3 d5 8.cxd5 Nxd5
9.Nxd5 exd5 10.Bg2 Bb4+ 11.Bd2 a5 12.O-O Bxd2 13.Qxd2 a4 14.Nc1 O-O 15.Nd3 Ra5
16.Rac1 Rb5 17.Rfd1 Be6 18.a3 d4 19.Qf4 Rd8 20.Be4 h6 21.h4 Bb3 22.Re1 Re8
23.Bg2  1/2-1/2

[Event "Bugojno"]
[Site "Bugojno"]
[Date "1984.??.??"]
[Round "?"]
[White "Ljubojevic, Ljubomir"]
[Black "Timman, Jan H"]
[Result "1/2-1/2"]
[WhiteElo "2635"]
[BlackElo "2610"]

1.e4 e5 2.Nf3 Nc6 3.Bb5 a6 4.Ba4 Nf6 5.O-O Nxe4 6.d4 b5 7.Bb3 d5 8.dxe5 Be6
9.c3 Bc5 10.Nbd2 O-O 11.Bc2 Bf5 12.Nb3 Bg6 13.Nfd4 Bxd4 14.cxd4 a5 15.Be3 a4
16.Nc1 a3 17.bxa3 Rxa3 18.Bb3 Nc3 19.Qd2 b4 20.Nd3 Nxa2 21.Nc5 Rxb3 22.Nxb3 Nc3
23.Nc5 h6 24.f3 Qe7 25.Rfc1 Rb8 26.Re1 Kh7 27.h3 Rb5 28.Qb2 Qh4 29.Bf2 Qf4
30.e6 fxe6 31.Nxe6 Qd6 32.Ra8 Nb8 33.Ra7 Na6 34.Rxa6 Qxa6 35.Nxc7 Qa3 36.Qxa3 bxa3
37.Nxb5 Nxb5 38.Ra1 Bd3 39.Be3 Bc4 40.Bc1 Nxd4 41.Bxa3 Nc2 42.Bb2  1/2-1/2

[Event "Bugojno"]
[Site "Bugojno"]
[Date "1984.??.??"]
[Round "?"]
[White "Ljubojevic, Ljubomir"]
[Black "Tal, Mihail"]
[Result "1/2-1/2"]
[WhiteElo "2635"]
[BlackElo "2620"]

1.e4 e5 2.Nf3 Nf6 3.Nxe5 d6 4.Nf3 Nxe4 5.d4 d5 6.Bd3 Be7 7.O-O Nc6 8.Re1 Bg4
9.c4 Nf6 10.cxd5 Bxf3 11.Qxf3 Qxd5 12.Qxd5 Nxd5 13.Be4 O-O-O 14.Nc3 Bb4 15.Bxd5 Rxd5
16.Nxd5 Bxe1 17.Nxc7 Bxf2+ 18.Kxf2 Kxc7 19.Bf4+ Kd7 20.Rc1 Ke6 21.Ke3 Rd8
22.Rc4 Rd5 23.g4 f6 24.Ke4 g6 25.Be3 h5 26.h3 hxg4 27.hxg4 Rd7 28.Rc5 Nb4
29.Bd2 Nd5 30.Rc8 Ne7 31.Re8  1/2-1/2

[Event "Bugojno"]
[Site "Bugojno"]
[Date "1984.??.??"]
[Round "?"]
[White "Ljubojevic, Ljubomir"]
[Black "Ribli, Zoltan"]
[Result "1/2-1/2"]
[WhiteElo "2635"]
[BlackElo "2610"]

1.e4 c5 2.Nf3 d6 3.d4 cxd4 4.Nxd4 Nf6 5.Nc3 a6 6.Bg5 e6 7.f4 Qb6 8.Qd2 Qxb2
9.Rb1 Qa3 10.Bxf6 gxf6 11.Be2 Bg7 12.O-O f5 13.Rfd1 O-O 14.exf5 exf5 15.Nd5 Nc6
16.c3 Qa5 17.Nb6 Rb8 18.Bf3 Nxd4 19.cxd4 Qxd2 20.Rxd2 Rd8 21.d5 Bc3 22.Rd3 Ba5
23.Ra3 Bd2 24.g3  1/2-1/2

[Event "Bugojno"]
[Site "Bugojno"]
[Date "1984.??.??"]
[Round "?"]
[White "Larsen, Bent"]
[Black "Tal, Mihail"]
[Result "0-1"]
[WhiteElo "2565"]
[BlackElo "2620"]

1.c4 c5 2.g3 g6 3.Bg2 Bg7 4.e3 Nf6 5.Nc3 e6 6.Nge2 O-O 7.O-O Nc6 8.Nf4 b6
9.b3 Ba6 10.Bb2 d5 11.Re1 Rc8 12.d3 d4 13.exd4 Nxd4 14.a4 Qd7 15.Nb5 Rfd8
16.Nxd4 cxd4 17.b4 Bb7 18.Bc1 Re8 19.Nh3 e5 20.Bxb7 Qxb7 21.f3 Nd7 22.g4 f5
23.gxf5 gxf5 24.Ra2 e4 25.fxe4 fxe4 26.Rg2 e3 27.Bb2 Ne5 28.Bxd4 e2  0-1